| 000 | 00564nam a22002057a 4500 | ||
|---|---|---|---|
| 003 | OSt | ||
| 005 | 20140310183009.0 | ||
| 008 | 130211t xxu||||| |||| 00| 0 eng d | ||
| 020 | _a9715062946 | ||
| 050 |
_aPL 5539.T72 _b.T636 2004 |
||
| 100 | _aTorres, Jose Victor Z. | ||
| 245 |
_a3 one-act plays / _cJose Victor Z. Torres. |
||
| 260 |
_aManila : _bUST Publishing House, _c2004. |
||
| 300 |
_a133 p. : _c23 cm. |
||
| 521 | _aMC | ||
| 650 | _aPhilippine drama (English) | ||
| 650 |
_aPhilippine Drama _xCollections |
||
| 942 |
_2lcc _cBK _kLOC |
||
| 999 |
_c18219 _d18219 |
||